Visualizzazione normale
Vista MARC
- Provincia Italia
di Personal Name
Records bibliografici associati: 1
001 - CONTROL NUMBER
- control field: 513
003 - CONTROL NUMBER IDENTIFIER
- control field: IT-RoPau
005 - DATE AND TIME OF LATEST TRANSACTION
- control field: 20130405091419.0
008 - FIXED-LENGTH DATA ELEMENTS
- fixed length control field: 130405|| aca||aabn | a|a d
040 ## - CATALOGING SOURCE
- Original cataloging agency: IT-RoPau
- Transcribing agency: IT-RoPau
100 ## - HEADING--PERSONAL NAME
- Personal name: Provincia Italia
670 ## - SOURCE DATA FOUND
- Source citation: Work cat.: (IT-RoPau): Provincia Italia, Calendario della Provincia Italia 2002-2003, 2002